Growth of cities in Andhra Pradesh (Record no. 5592)

000 -LEADER
fixed length control field 00370pab a2200145 454500
008 - FIXED-LENGTH DATA ELEMENTS--GENERAL INFORMATION
fixed length control field 180718b1990 xxu||||| |||| 00| 0 eng d
100 ## - MAIN ENTRY--PERSONAL NAME
Personal name Rao, B. Jagan Mohan
245 ## - TITLE STATEMENT
Title Growth of cities in Andhra Pradesh
260 ## - PUBLICATION, DISTRIBUTION, ETC.
Date of publication, distribution, etc. 1990
300 ## - PHYSICAL DESCRIPTION
Extent 37-8
362 ## - DATES OF PUBLICATION AND/OR SEQUENTIAL DESIGNATION
Dates of publication and/or sequential designation May
650 ## - SUBJECT ADDED ENTRY--TOPICAL TERM
Topical term or geographic name entry element Cities And Towns - Growth, India -Andhra Pradesh
773 ## - HOST ITEM ENTRY
Main entry heading Civic Affairs
909 ## -
-- 5592
Holdings
Withdrawn status Lost status Damaged status Not for loan Permanent Location Current Location Date acquired Serial Enumeration / chronology Barcode Date last seen Price effective from Koha item type
        Indian Institute of Public Administration Indian Institute of Public Administration 2018-07-19 Volume no: 37, Issue no: 10 AR5598 2018-07-19 2018-07-19 Articles

Powered by Koha